Srovnání reesterifikací řepkových olejů provedených v reaktoru řízeném zpětnou vazbou a ve vsádkovém uspořádání

Bibliographic Details
Main Authors: Dvořák, R. (Author), Skopal, F. (Author)
Format: Article
Language:Slovak
Czech
PhysicalDescription:Sch., tab.
ISSN:1335-7727
Subjects:

MARC

LEADER 00000nab a2200000 a 4500
001 vtls000764646
003 SK-MaSNL
005 20260304125022.0
008 250429c2001 xo 0 slo
015 |a SNBRB2001/08-23448 
035 |a CLN000116433 
035 |a urn:nbn:sk:snk-abf3vw 
035 |a (urnnbn)urn:nbn:sk:snk:ar-a09piu 
035 |a (uuid)3d61170f-0eb3-4e3c-8d7a-7aff131a900b 
040 |a SNKBUCL  |b slo  |c SNKBUCL  |e AACR2 
041 0 |a cze 
044 |a xo  |c SK 
080 |a 665.3.095.13  |2 1997 
080 |a 66.095.13  |2 1997 
080 |a 66.023  |2 1997 
100 1 |a Dvořák, R.  |4 aut  |9 285660 
245 1 0 |a Srovnání reesterifikací řepkových olejů provedených v reaktoru řízeném zpětnou vazbou a ve vsádkovém uspořádání  |c R. Dvořák, F. Skopal 
300 |b Sch., tab. 
504 |a Res. angl., čes. 
504 |a Bibliogr. odkazy 
650 0 7 |a reaktory so spätnou väzbou  |2 snkbucl  |9 1437051 
650 0 7 |a reesterifikácia  |2 snkbucl  |9 1397928 
650 0 7 |a metanolýza  |2 snkbucl  |9 1437052 
650 0 7 |a repkový olej  |2 snkbucl  |9 162454 
655 7 |a články z novín a časopisov  |2 snkbucl  |9 267496 
700 1 |a Skopal, F.  |4 aut  |9 1437053 
773 0 |t Ropa, uhlie, plyn a petrochémia  |g Roč. 43, č. 1 (2001), s. 37-38  |x 1335-7727 
850 |a Slovenská národná knižnica 
852 |a Slovenská národná knižnica 
958 |a article27 
958 |a OND 
958 |a NB 
958 |a EUIPO 
999 |c 2892896  |d 2894826